General Knowledge Quiz - Statistics

General Stats
  • This quiz has been taken 40 times
  • The average score is 7 of 20
Answer Stats
Hint Answer % Correct
Aside from Paris, New York, and London, name the city that makes up the "Big Four" fashion capitals of the 21st century Milan
78%
Best known for the allegorical novella "Animal Farm" George Orwell
67%
Largest organ in the human body Skin
64%
Opposite of dystopia Utopia
61%
Deepest part of the world's oceans Mariana Trench
53%
Victor Hugo's famous work Les Misérables
50%
Waste product of lungs Carbon dioxide
44%
According to Dan Brown's The Da Vinci Code, she is Jesus' wife, chief apostle, and holy grail Mary Magdalene
39%
Widely known as the pre-eminent gambling (or gaming) capital of the world Macau
36%
Smallest African country by area Seychelles
31%
World's first test tube baby Louise Brown
28%
Dix, vingt, trente, _______ Quarante
28%
Largest country in the world without a river Saudi Arabia
22%
Philippine island that contains a lake that contains an island that contains a lake that contains another island Luzon
19%
Most-subscribed channel on the video platform YouTube PewDiePie
17%
Buongiorno is to Italian, _______ is to Portuguese Bom dia
14%
Official name of twitter bird Larry
14%
Country with the moniker "texting capital of the world" Philippines
8%
Second-largest dwarf planet known in the solar system Eris
6%
Means "pine nut" Pinocchio
3%
No matching quizzes found
Score Distribution
Percent of People with Each Score
Percentile by Number Answered
Your Score History
You have not taken this quiz